التأمين في الاقتصاد الاسلامي

Bibliographic Details
Main Authors: صديقي, محمد نجاة الله (Author), عبد القادر, التجاني (Author)
Format: Book
Published: Jiddah : Markaz al-Nashr al-Ilmi Jamiat al-Malik Abd al-Aziz , 1990
Subjects:

MARC

LEADER 00000cam a2200000 7i4500
001 0000030775
005 20040802093000.0
090 0 0 |a HG8026   |b .S5 
100 0 |a صديقي, محمد نجاة الله ,   |e author 
245 1 2 |a التأمين في الاقتصاد الاسلامي   |c محمد نجاة الله صديقي، ترجمة التجاني عبد القادر، مراجعة رفيق المصري 
260 2 |a Jiddah :   |b Markaz al-Nashr al-Ilmi Jamiat al-Malik Abd al-Aziz ,   |c 1990 
300 |a 99 p. ;   |c 24 cm. 
504 |a Bibliography: p. 93-95 
650 0 |a Economics   |x Religious aspects   |x Islam 
650 0 |a Insurance   |x Religious aspects   |x Islam 
700 1 |a عبد القادر, التجاني ,   |e author 
740 0 0 |a Insurance in an Islamic economy 
999 |a 1000057027   |b Book   |c OPEN SHELF (30 DAYS)   |e Gong Badak Campus